<?xml version="1.0" encoding="UTF-8"?>
<record
    xmlns:xsi="http://www.w3.org/2001/XMLSchema-instance"
    xsi:schemaLocation="http://www.loc.gov/MARC21/slim http://www.loc.gov/standards/marcxml/schema/MARC21slim.xsd"
    xmlns="http://www.loc.gov/MARC21/slim">

  <leader>00778nam a2200193 i 4500</leader>
  <controlfield tag="001">136531</controlfield>
  <controlfield tag="003">ES-MaACL</controlfield>
  <controlfield tag="005">20250916212403.0</controlfield>
  <controlfield tag="007">t|</controlfield>
  <controlfield tag="008">070214s1971    sp      r    ||||1| spa d</controlfield>
  <datafield tag="100" ind1="1" ind2=" ">
    <subfield code="a">Sa&#xE9;nz de Tejada y Benvenuti, Carlos.</subfield>
    <subfield code="9">101322</subfield>
  </datafield>
  <datafield tag="245" ind1="1" ind2="0">
    <subfield code="a">Juan Valera, Seraf&#xED;n Est&#xE9;banez Calder&#xF3;n, 1850-1858 : </subfield>
    <subfield code="b">cr&#xF3;nica hist&#xF3;rica y vital de Lisboa, Brasil, Par&#xED;s y Dresde : (como coyunturas humanas a trav&#xE9;s de un diplom&#xE1;tico intelectual) / </subfield>
    <subfield code="c">Carlos S&#xE1;enz de Tejada y Benvenuti.</subfield>
  </datafield>
  <datafield tag="260" ind1=" " ind2=" ">
    <subfield code="a">Madrid : </subfield>
    <subfield code="b">Moneda y Cr&#xE9;dito, </subfield>
    <subfield code="c">1971.</subfield>
  </datafield>
  <datafield tag="300" ind1=" " ind2=" ">
    <subfield code="a">395 p., 8 l&#xE1;m. ; </subfield>
    <subfield code="c">24 cm.</subfield>
  </datafield>
  <datafield tag="600" ind1="1" ind2="4">
    <subfield code="a">Valera, Juan,</subfield>
    <subfield code="d">1824-1905</subfield>
    <subfield code="9">112638</subfield>
  </datafield>
  <datafield tag="600" ind1="1" ind2="4">
    <subfield code="a">Est&#xE9;banez Calder&#xF3;n, Seraf&#xED;n, </subfield>
    <subfield code="d">1799-1867</subfield>
    <subfield code="9">48084</subfield>
  </datafield>
  <datafield tag="852" ind1=" " ind2=" ">
    <subfield code="a">ES-MaACL</subfield>
    <subfield code="j">C-37651</subfield>
  </datafield>
  <datafield tag="999" ind1=" " ind2=" ">
    <subfield code="c">136531</subfield>
    <subfield code="d">136531</subfield>
  </datafield>
  <datafield tag="952" ind1=" " ind2=" ">
    <subfield code="0">0</subfield>
    <subfield code="1">0</subfield>
    <subfield code="4">0</subfield>
    <subfield code="7">0</subfield>
    <subfield code="a">ATENEOM</subfield>
    <subfield code="b">ATENEOM</subfield>
    <subfield code="c">DEPO2</subfield>
    <subfield code="d">2008-01-17</subfield>
    <subfield code="e">SC</subfield>
    <subfield code="l">0</subfield>
    <subfield code="o">C-37651</subfield>
    <subfield code="p">1142092</subfield>
    <subfield code="r">2023-02-23 00:00:00</subfield>
    <subfield code="w">2023-02-23</subfield>
    <subfield code="y">MONOGRAFIA</subfield>
  </datafield>
</record>
